British contributions to Persian studies /
محفوظ في:
المؤلف الرئيسي:
مؤلف مشترك:
التنسيق: كتاب
اللغة: English
الموضوعات:
الوسوم: إضافة وسم
لا توجد وسوم, كن أول من يضع وسما على هذه التسجيلة!
رقم الطلب: ( P )PK6007 .A7 1942
| LEADER | 01016namaa2200277 4500 | ||
|---|---|---|---|
| 001 | 18096 | ||
| 003 | OSt | ||
| 005 | 20201121101529.0 | ||
| 008 | 130303s1942 enkch g 000 0 eng d | ||
| 952 | |0 0 |1 0 |2 lcc |4 0 |7 1 |9 7769 |a ARCE |b ARCE |d 2020-11-21 |l 0 |o ( P )PK6007 .A7 1942 |p 1018932 |r 2020-11-21 00:00:00 |w 2020-11-21 |y BK | ||
| 999 | |c 15881 |d 15881 | ||
| 010 | |a 43007325 | ||
| 040 | |c ARCE Library | ||
| 050 | 0 | 4 | |a ( P )PK6007 .A7 1942 |
| 100 | 1 | |a Arberry, A. J. |q (Arthur John), |d 1905-1969, |e author | |
| 245 | 1 | 0 | |a British contributions to Persian studies / |c by Arthur J. Arberry. |
| 264 | 1 | |a [London ; |a New York [etc.] : |b Published for the British council by Longmans, Green & co., |c 1942. | |
| 300 | |a 32 pages : |b portraits, facsimiles ; |c 22 cm. | ||
| 336 | |a text |b txt |2 rdacontent | ||
| 337 | |a unmediated |b n |2 rdamedia | ||
| 338 | |a volume |b nc |2 rdacarrier | ||
| 500 | |a "First published 1942." | ||
| 650 | 0 | |a Persian philology |x History. | |
| 710 | 2 | |a Arts Council of Great Britain. | |
| 901 | |a reviewed | ||
| 942 | |c BK |2 lcc | ||
